[Event "SFR-ch Seniors"]
[Site "Novosibirsk"]
[Date "2008.10.13"]
[Round "6"]
[White "Ivanov, Albert"]
[Black "Migunov, Vladislav"]
[Result "0-1"]
[WhiteElo "1779"]
[BlackElo "1957"]
[PlyCount "78"]
[EventDate "2008.10.08"]
[EventType "swiss"]
[EventRounds "9"]
[EventCountry "RUS"]
[SourceTitle "EXT 2022"]
[Source "ChessBase"]
[SourceDate "2021.10.06"]
[SourceVersion "1"]
[SourceVersionDate "2021.10.06"]
[SourceQuality "1"]

1. d4 d5 2. c4 dxc4 3. Nf3 e6 4. e3 Nf6 5. Bxc4 Be7 6. Nc3 0-0 7. 0-0 a6 8. a3 b5 9. Bd3 Bb7 10. Bd2 c5 11. Be2 Nc6 12. dxc5 Bxc5 13. b4 Bd6 14. e4 Ne5 15. Nxe5 Bxe5 16. Bf3 Rc8 17. Rc1 Qd6 18. Qe2 Bxh2+ 19. Kh1 Be5 20. Rfd1 Qb8 21. Be1 Qa8 22. Rd3 Bxc3 23. Rdxc3 Rxc3 24. Rxc3 Bxe4 25. Bxe4 Qxe4 26. Qd1 Nd5 27. Rg3 Rc8 28. Rg4 Qf5 29. Rh4 h6 30. Kg1 Nf6 31. Rd4 Nd5 32. Bd2 Qc2 33. Qg4 Qb1+ 34. Kh2 Qg6 35. Qh3 Rc4 36. Rd3 Rh4 37. Qxh4 Qxd3 38. Bc1 Qc3 39. Bf4 g5 0-1